LEADER 01795nam 2200421 n 450 001 996394865203316 005 20221108071524.0 035 $a(CKB)4940000000122157 035 $a(EEBO)2240882136 035 $a(UnM)99122150500971 035 $a(EXLCZ)994940000000122157 100 $a19860211f16791680 uy 101 0 $aeng 135 $aurbn||||a|bb| 200 10$a[Articles of high misdemeanour humbly offer'd and presented to the consideration of His Sacred Majesty, and the right honourable the lords, and others of his Majesties most honourable privy council, against Sir William Scroggs]$b[electronic resource] 210 $a[London $cs.n.$d1679 or 1680] 215 $a4 p 300 $aBy Titus Oates and William Bedloe. 300 $aCaption title. 300 $aAuthor, title, place and date of publication suggested by Wing. 300 $aImperfect: p. 3-4 only. 300 $aOriginally identified as Wing S2121; number cancelled. 300 $aReproduction of original in the British Library. 330 $aeebo-0018 606 $aPopish Plot, 1678$vEarly works to 1800 607 $aGreat Britain$xHistory$yCharles II, 1660-1685$vEarly works to 1800 615 0$aPopish Plot, 1678 700 $aOates$b Titus$f1649-1705.$01001398 701 $aScroggs$b William$cSir,$f1623?-1683.$01005037 701 $aBedloe$b William$f1650-1680.$01005061 801 0$bCu-RivES 801 1$bCu-RivES 801 2$bCStRLIN 801 2$bCu-RivES 906 $aBOOK 912 $a996394865203316 996 $aArticles of high misdemeanour humbly offer'd and presented to the consideration of His Sacred Majesty, and the right honourable the lords, and others of his Majesties most honourable privy council, against Sir William Scroggs$92364084 997 $aUNISA LEADER 01644nam0 22003371i 450 001 UON00434056 005 20231205104920.131 010 $a34-7361-403-3 100 $a20131204d1972 |0itac50 ba 101 $ager 102 $aDE 105 $a|||| 1|||| 200 1 $aAudiovisuelle Medien in der Schule$eZur politischen Ökonomie visueller Kommunikation. 1.: Allgemeine Entwicklung des Begriffs ?Visuelle Kommunikation? aus der Kritik bürgerlicher Erziehungswissenschaft und Kommunikationstheorie$fJohannes Borchardt, Ole Dunkel, Joachim Stüber$gherausgegeben von Heino R. Möller 210 $aRavensburg$cOtto Maier Verlag$d1972 215 $a210 p.$d21 cm. 410 1$1001UON00430603$12001 $aMaterialien zur ästhetischen Erziehung$1210 $aRavensburg$cOtto Maier Verlag$d19- 606 $aCOMUNICAZIONE VISIVA$3UONC044382$2FI 606 $aScuola$xGermania$xStudi$3UONC084897$2FI 620 $aDE$dRavensburg$3UONL005143 676 $a344.07$cEducazione e scuole$v20 700 1$aBORCHARDT$bJohannes$3UONV219393$0712015 701 1$aDUNKEL$bOle$3UONV219394$0712016 701 1$aSTÜBER$bJoachim$3UONV219395$0712017 702 1$aMÖLLER$bHeino R.$3UONV219392 712 $aMaier$3UONV266855$4650 801 $aIT$bSOL$c20260227$gRICA 899 $aSIBA - SISTEMA BIBLIOTECARIO DI ATENEO E ARCHIVIO STORICO$2UONSI 912 $aUON00434056 950 $aSIBA - SISTEMA BIBLIOTECARIO DI ATENEO E ARCHIVIO STORICO$dSI TED 0 BOR 01 $eSI ST 7740 5 01 $sBuono 996 $aAudiovisuelle Medien in der Schule$91327977 997 $aUNIOR